Fill the World Map by Largest Bordering Country Pair - Statistics

General Stats
  • This quiz has been taken 3,645 times
  • The average score is 37 of 118
Answers on the Map
Answers color-coded by a green-red scale on the quiz's map according to % correct below.
 
Answer Stats
Country % Correct
China
100%
Russia
99%
Canada
96%
United States
95%
Argentina
85%
Brazil
85%
Algeria
78%
Libya
77%
India
76%
Pakistan
75%
Angola
66%
DR Congo
66%
Kazakhstan
65%
Turkmenistan
64%
Chad
62%
Sudan
62%
Iran
54%
Mali
54%
Niger
54%
Saudi Arabia
54%
Turkey
54%
Yemen
54%
Peru
53%
Colombia
52%
Indonesia
48%
Papua New Guinea
48%
Guatemala
44%
Mexico
44%
Namibia
43%
South Africa
43%
Bolivia
42%
Chile
42%
Ethiopia
41%
Somalia
41%
Mauritania
40%
Mozambique
40%
Tanzania
40%
Morocco
39%
Cameroon
37%
Nigeria
37%
Botswana
36%
Zambia
36%
Central African Republic
35%
Myanmar
35%
Thailand
35%
France
34%
South Sudan
34%
Spain
34%
Afghanistan
32%
Guyana
32%
Uzbekistan
32%
Venezuela
32%
Egypt
31%
Israel
31%
Poland
31%
Ukraine
31%
Finland
29%
Kenya
29%
Sweden
29%
Iraq
28%
Uganda
28%
Syria
27%
Gabon
22%
Rep. of the Congo
22%
Burkina Faso
21%
Cote d'Ivoire
21%
Austria
20%
Germany
20%
Laos
20%
Vietnam
20%
Guinea
19%
Senegal
19%
Bulgaria
17%
Italy
17%
Oman
17%
Romania
17%
United Arab Emirates
17%
Switzerland
16%
Ireland
14%
Kyrgyzstan
14%
Tajikistan
14%
United Kingdom
14%
Belarus
12%
Ghana
12%
Lithuania
12%
Togo
12%
Brunei
10%
Honduras
10%
Malaysia
10%
Nicaragua
10%
Hungary
9%
Liberia
9%
North Korea
9%
Serbia
9%
Sierra Leone
9%
South Korea
9%
Albania
8%
Greece
8%
Azerbaijan
7%
Czech Republic
7%
Georgia
7%
Bosnia and Herzegovina
6%
Costa Rica
6%
Croatia
6%
Dominican Republic
6%
Estonia
6%
Haiti
6%
Latvia
6%
Panama
6%
Slovakia
6%
Belgium
5%
Burundi
5%
Djibouti
5%
Eritrea
5%
Netherlands
5%
Rwanda
5%
Kosovo
4%
Macedonia
4%
No matching quizzes found
Score Distribution
Percent of People with Each Score
Percentile by Number Answered
Your Score History
You have not taken this quiz